000
00284nam a22001217a 4500
008
170530b xxu||||| |||| 00| 0 eng d
041
_a
eng
080
_a
94(100)
100
_a
17
101
_a
SHH
245
_a
LABOR UNONS AND AUROCRACY IN IRAN
_c
LADJEVARDI.H
942
_2
udc
_c
BK
999
_c
15098
_d
15098